Nové trendy ve vyučování kultuře
Úloha interkultúrnej kompetencie a vyučovania kultúre v období postmodernizmu. Vývoj interkultúrnej kompetencie v rôznych kultúrach. Pragmatický pohľad na interkultúrnu problematiku s dôrazom na kultúrne hodnoty, etiku, zdvorilosť, rozvíjanie empatie a nové trendy vo vyučovaní kultúre.
Enregistré dans:
| Auteur principal: | |
|---|---|
| Autres auteurs: | |
| Format: | Chapitre de livre |
| Langue: | tchèque |
| Sujets: | |
| Tags: |
Pas de tags, Soyez le premier à ajouter un tag!
|
MARC
| LEADER | 00000naa a2200000 4500 | ||
|---|---|---|---|
| 001 | 0150619 | ||
| 005 | 20231128131216.9 | ||
| 041 | 0 | |a cze | |
| 044 | |a CZ | ||
| 245 | 1 | 0 | |a Nové trendy ve vyučování kultuře |c Krystyna Heinz, Irena Orszulik |
| 520 | |a Úloha interkultúrnej kompetencie a vyučovania kultúre v období postmodernizmu. Vývoj interkultúrnej kompetencie v rôznych kultúrach. Pragmatický pohľad na interkultúrnu problematiku s dôrazom na kultúrne hodnoty, etiku, zdvorilosť, rozvíjanie empatie a nové trendy vo vyučovaní kultúre. | ||
| 610 | 2 | 0 | |a postmodernizmus |
| 610 | 2 | 0 | |a história |
| 610 | 2 | 0 | |a zvyklosti kultúrne |
| 610 | 2 | 0 | |a vyučovanie |
| 610 | 2 | 0 | |a komunikácia multikultúrna |
| 100 | 1 | |a Heinz, Krystyna | |
| 700 | 1 | |a Orszulik, Irena | |